000 00286nam a2200121Ia 4500
008 191201s2003 xx 000 0 und d
100 _aCHADHA, Narender K
245 0 _aHuman Resource Management
260 _aN. Delhi
_bShri Sai
_c2003
300 _a472
650 _aMBA
942 _2ddc
_cBK
999 _c216
_d216